[Event "X Festival A"]
[Site "Salsomaggiore Terme ITA"]
[Date "2006.05.13"]
[Round "4"]
[White "Traversi, Carlo"]
[Black "Garvani, Vittorio"]
[Result "0-1"]
[WhiteElo "1767"]
[BlackElo "1997"]
[PlyCount "64"]
[EventDate "2006.05.12"]

1. e4 e6 2. Qe2 c6 3. f4 d5 4. d3 dxe4 5. dxe4 Nf6 6. Nf3 b6 7. g3 Ba6 8. c4
Bb4+ 9. Bd2 Bxd2+ 10. Nbxd2 c5 11. Bg2 Bb7 12. O-O Nc6 13. Rad1 Qc7 14. e5 Nd7
15. Ne4 O-O 16. Nd6 Rad8 17. Nxb7 Qxb7 18. Rd6 Ndb8 19. Rfd1 Rxd6 20. Rxd6 Qc7
21. Bh3 Rd8 22. Rxd8+ Qxd8 23. b3 Nd4 24. Nxd4 cxd4 25. Qd3 Na6 26. Bf1 Nc5 27.
Qb1 d3 28. b4 d2 29. Be2 Qd4+ 30. Kg2 Ne4 31. Bd3 Qf2+ 32. Kh3 Qe1 0-1

[Event "X Festival A"]
[Site "Salsomaggiore Terme ITA"]
[Date "2006.05.13"]
[Round "4"]
[White "Vincenzi, Marco"]
[Black "Bozuffi, Italo"]
[Result "1-0"]
[WhiteElo "2034"]
[BlackElo "1866"]
[PlyCount "105"]
[EventDate "2006.05.12"]

1. d4 f5 2. Bg5 Nf6 3. e3 d5 4. Nf3 g6 5. h4 Nh5 6. Be2 h6 7. Ne5 hxg5 8. Nxg6
g4 9. Nxh8 Qd6 10. c4 c6 11. Nc3 Bg7 12. cxd5 Bxh8 13. Rc1 Bd7 14. Qb3 cxd5 15.
Nxd5 Bc6 16. Nc7+ Qxc7 17. Qg8+ Kd7 18. Qxh8 Qa5+ 19. Kf1 Nf6 20. h5 Qd2 21.
Re1 b6 22. Qh6 Bd5 23. Qf4 e6 24. h6 Nc6 25. h7 Rh8 26. f3 Rxh7 27. Rxh7+ Nxh7
28. Qh6 Kd6 29. Qh2+ Kd7 30. Qxh7+ Kd6 31. Qh2+ Kd7 32. Qf4 Qxb2 33. fxg4 fxg4
34. Qxg4 Qd2 35. Kf2 Ne7 36. Rh1 Qxa2 37. Rh7 Bc4 38. Qf3 Qxe2+ 39. Qxe2 Bxe2
40. Kxe2 a5 41. Kd3 Ke8 42. e4 Ng6 43. Kc4 Nf4 44. Rg7 Kf8 45. Rg5 Ne2 46. d5
exd5+ 47. exd5 Ke7 48. Rg6 Kd7 49. Rxb6 a4 50. Ra6 Nf4 51. g3 Ne2 52. g4 Nf4
53. Rxa4 1-0

[Event "X Festival A"]
[Site "Salsomaggiore Terme ITA"]
[Date "2006.05.14"]
[Round "5"]
[White "Annoni, Riccardo"]
[Black "Grillo, Francesco"]
[Result "0-1"]
[WhiteElo "2075"]
[BlackElo "1978"]
[PlyCount "35"]
[EventDate "2006.05.12"]

1. e4 c5 2. Nc3 e6 3. g3 d5 4. exd5 exd5 5. d4 Nf6 6. Bg2 cxd4 7. Qxd4 Nc6 8.
Qa4 Bb4 9. Nge2 Ne4 10. Be3 Bd7 11. Bxe4 dxe4 12. O-O-O O-O 13. Nxe4 Qe7 14.
N4c3 Nd4 15. Nd5 Nxe2+ 16. Kb1 Bxa4 17. Nxe7+ Bxe7 18. Rd2 0-1

[Event "X Festival A"]
[Site "Salsomaggiore Terme ITA"]
[Date "2006.05.14"]
[Round "5"]
[White "Bonade', Giacomo"]
[Black "Sanzani, Pierluigi"]
[Result "1/2-1/2"]
[WhiteElo "1778"]
[BlackElo "1895"]
[PlyCount "125"]
[EventDate "2006.05.12"]

1. d4 g6 2. Nf3 Bg7 3. e4 d6 4. Bd3 Nd7 5. O-O Ngf6 6. c3 O-O 7. Bg5 e5 8. Qc1
Qe8 9. Bh6 exd4 10. Bxg7 Kxg7 11. cxd4 Nxe4 12. Re1 d5 13. Qxc7 Ndf6 14. h3 Qd8
15. Qxd8 Rxd8 16. Nc3 Nxc3 17. bxc3 h6 18. Re7 Rd7 19. Rae1 b6 20. Bb5 Rxe7 21.
Rxe7 a6 22. Bc6 Rb8 23. Ne5 Be6 24. f3 Ng8 25. Rc7 Nf6 26. Kf2 Ne8 27. Bxe8
Rxe8 28. Rc6 Rb8 29. Nd3 a5 30. Nf4 b5 31. Nxe6+ fxe6 32. Rxe6 Rc8 33. Re3 Rc4
34. Rd3 Ra4 35. Rd2 Rc4 36. Rb2 Rxc3 37. Rxb5 Rc2+ 38. Kg3 Rxa2 39. Rxd5 a4 40.
Rd6 Rd2 41. d5 a3 42. Rd7+ Kf6 43. Rd6+ Kf5 44. Ra6 a2 45. h4 Ke5 46. d6 Ke6
47. Kh3 Kd7 48. g4 Kc8 49. Kg3 Kb7 50. Ra3 Kc6 51. h5 gxh5 52. gxh5 Kxd6 53.
Kg4 Ke5 54. f4+ Kf6 55. Ra6+ Kf7 56. Kf5 Rd5+ 57. Kg4 Rd2 58. f5 Rg2+ 59. Kf4
Rb2 60. Ke5 Re2+ 61. Kf4 Rh2 62. Ke5 Re2+ 63. Kf4 1/2-1/2

[Event "X Festival A"]
[Site "Salsomaggiore Terme ITA"]
[Date "2006.05.14"]
[Round "5"]
[White "Bonugli, Carlo"]
[Black "Reggi, Matteo"]
[Result "0-1"]
[WhiteElo "2065"]
[BlackElo "1781"]
[PlyCount "42"]
[EventDate "2006.05.12"]

1. e4 e5 2. Nc3 Nf6 3. f4 d5 4. fxe5 Nxe4 5. d3 Ng5 6. d4 Bb4 7. Bd2 Be6 8. Bd3
c5 9. Qh5 cxd4 10. Nb1 Bxd2+ 11. Nxd2 Nc6 12. Ne2 Ne4 13. Bxe4 dxe4 14. Nxe4
Qa5+ 15. Nd2 O-O-O 16. Rc1 Rd5 17. Kd1 Rxe5 18. Qh4 Rd8 19. Rf1 d3 20. cxd3
Rxd3 21. Nc3 Bxa2 0-1

[Event "X Festival A"]
[Site "Salsomaggiore Terme ITA"]
[Date "2006.05.14"]
[Round "5"]
[White "Calza, Gabriele"]
[Black "Bonade', Massimo"]
[Result "1/2-1/2"]
[WhiteElo "2039"]
[BlackElo "2104"]
[PlyCount "55"]
[EventDate "2006.05.12"]

1. c4 c5 2. g3 g6 3. Bg2 Bg7 4. Nc3 Nc6 5. e4 e6 6. Nge2 Nge7 7. O-O O-O 8. d3
Nd4 9. Nxd4 cxd4 10. Ne2 e5 11. b4 d6 12. h3 Be6 13. Bg5 f6 14. Bd2 Qd7 15. Kh2
f5 16. f3 Rf7 17. Qc2 Raf8 18. Rae1 fxe4 19. fxe4 Rf2 20. Ng1 Nc6 21. Rxf2 Rxf2
22. Re2 Qf7 23. b5 Nb8 24. Bc1 Rxe2 25. Qxe2 Nd7 26. Nf3 h6 27. Nd2 Nc5 28. Nb3
1/2-1/2

[Event "X Festival A"]
[Site "Salsomaggiore Terme ITA"]
[Date "2006.05.14"]
[Round "5"]
[White "Cottarelli, Franco"]
[Black "Rezzuti, Vincenzo"]
[Result "1-0"]
[WhiteElo "1970"]
[BlackElo "2079"]
[PlyCount "85"]
[EventDate "2006.05.12"]

1. b4 d5 2. Bb2 e6 3. e3 Nf6 4. b5 Nbd7 5. Nf3 Bd6 6. c4 dxc4 7. Bxc4 O-O 8.
O-O b6 9. d4 Bb7 10. Nbd2 Ne4 11. Be2 Qf6 12. Nc4 Qh6 13. Nxd6 cxd6 14. Rc1
Rac8 15. Qd3 Ndf6 16. Rxc8 Rxc8 17. Rc1 Rxc1+ 18. Bxc1 Qg6 19. Ne1 Qf5 20. f3
Ng4 21. Qc2 h5 22. Bd3 Qg6 23. fxg4 Qxg4 24. Qe2 Qxe2 25. Bxe2 Nc3 26. Kf1 Nxa2
27. Ba3 d5 28. Bxh5 Nc3 29. Be2 Bc8 30. Bd6 Nxe2 31. Kxe2 Bd7 32. Bb8 Bxb5+ 33.
Kd2 a5 34. Ba7 a4 35. Bxb6 a3 36. Ba5 a2 37. Bc3 Kh7 38. Nd3 Kg6 39. Ne5+ Kf6
40. Kc2 Ke7 41. Kb2 f6 42. Bb4+ Ke8 43. Nf3 1-0

[Event "X Festival A"]
[Site "Salsomaggiore Terme ITA"]
[Date "2006.05.14"]
[Round "5"]
[White "Efimov, Igor"]
[Black "Brancaleoni, Maurizio"]
[Result "0-1"]
[WhiteElo "2437"]
[BlackElo "2286"]
[PlyCount "62"]
[EventDate "2006.05.12"]

1. d4 Nf6 2. c4 e6 3. Nc3 d5 4. Nf3 dxc4 5. e3 a6 6. a4 b6 7. Bxc4 Bb7 8. O-O
Bb4 9. Ne5 O-O 10. Qe2 Nbd7 11. f4 Qe7 12. Bd2 Bxc3 13. bxc3 Ne4 14. Be1 Nxe5
15. fxe5 f5 16. exf6 Rxf6 17. Rf4 Rxf4 18. exf4 Qf6 19. Qe3 Rf8 20. Bg3 h5 21.
Rf1 Bd5 22. Bxa6 Ra8 23. Be2 h4 24. Be1 Nd6 25. Qe5 h3 26. Qxf6 gxf6 27. gxh3
Rxa4 28. Bh4 Kf7 29. Rc1 Ra2 30. Kf1 Kg6 31. Ke1 Bc4 0-1

[Event "X Festival A"]
[Site "Salsomaggiore Terme ITA"]
[Date "2006.05.14"]
[Round "5"]
[White "Fragni, Enrico"]
[Black "Pedemonte, Claudio"]
[Result "0-1"]
[WhiteElo "1876"]
[BlackElo "1942"]
[PlyCount "74"]
[EventDate "2006.05.12"]

1. e4 d5 2. exd5 Qxd5 3. Nc3 Qa5 4. Nf3 Nc6 5. Bb5 Bd7 6. O-O O-O-O 7. a3 e6 8.
d4 a6 9. Bd3 Nf6 10. Bg5 h6 11. b4 Qb6 12. Na4 Qa7 13. Bxf6 gxf6 14. Nc5 Nb8
15. Qe2 Bc6 16. c3 Rg8 17. Kh1 Bd6 18. a4 Bxf3 19. Qxf3 b6 20. Nb3 f5 21. Be2
Rg4 22. Qh3 Rg6 23. Bf3 Nd7 24. Nd2 Nf6 25. Nc4 Bf4 26. g3 Bd6 27. b5 a5 28.
Bc6 Ne4 29. Rac1 Ng5 30. Qh5 Ne4 31. Qf3 Ng5 32. Qe2 Rgg8 33. f4 Nh7 34. Ne5
Bxe5 35. Qxe5 h5 36. d5 Rd6 37. dxe6 fxe6 0-1

[Event "X Festival A"]
[Site "Salsomaggiore Terme ITA"]
[Date "2006.05.14"]
[Round "5"]
[White "Frigieri, Fabrizio"]
[Black "Baldelli, Alex"]
[Result "1/2-1/2"]
[WhiteElo "2080"]
[BlackElo "2028"]
[PlyCount "46"]
[EventDate "2006.05.12"]

1. e4 c5 2. Nf3 e6 3. d4 cxd4 4. Nxd4 Nf6 5. Nc3 d6 6. Be3 a6 7. Be2 Be7 8. O-O
b5 9. f3 Bb7 10. Kh1 Nbd7 11. Qd2 O-O 12. Rad1 Rc8 13. Bd3 Qc7 14. Rfe1 Rfd8
15. Bg5 Nb6 16. Qf2 Nc4 17. Bc1 Qc5 18. Re2 Nd7 19. Bxc4 Qxc4 20. Nb3 Qc7 21.
Bf4 Nc5 22. Nxc5 Qxc5 23. Be3 Qb4 1/2-1/2

[Event "X Festival A"]
[Site "Salsomaggiore Terme ITA"]
[Date "2006.05.14"]
[Round "5"]
[White "Garvani, Vittorio"]
[Black "De Zaiacomo, Tonino"]
[Result "1-0"]
[WhiteElo "1997"]
[BlackElo "1911"]
[PlyCount "71"]
[EventDate "2006.05.12"]

1. e4 e5 2. Nf3 Nc6 3. Bc4 Bc5 4. c3 h6 5. d4 exd4 6. cxd4 Bb4+ 7. Nc3 d6 8.
O-O Bg4 9. d5 Ne5 10. Qa4+ Bd7 11. Qxb4 Nxf3+ 12. gxf3 Qf6 13. f4 Ne7 14. Kh1
O-O 15. f3 Ng6 16. Ne2 Bh3 17. Rg1 Nh4 18. Qc3 Kh8 19. Rg3 Bd7 20. Bd2 b5 21.
Bb3 b4 22. Qxf6 gxf6 23. Bxb4 Rg8 24. Rag1 Rxg3 25. Rxg3 Rg8 26. Rxg8+ Kxg8 27.
Nd4 Kg7 28. Ba5 Ng6 29. Bxc7 Nxf4 30. Bxd6 Nd3 31. Ba3 Nf2+ 32. Kg2 Nd3 33. Kg3
h5 34. Bc4 Ne5 35. Ba6 Kg6 36. Bc5 1-0

[Event "X Festival A"]
[Site "Salsomaggiore Terme ITA"]
[Date "2006.05.14"]
[Round "5"]
[White "Gilardone, Adriano"]
[Black "Salvador, Roland"]
[Result "0-1"]
[WhiteElo "2145"]
[BlackElo "2396"]
[PlyCount "138"]
[EventDate "2006.05.12"]

1. b4 d5 2. Bb2 Nf6 3. Nf3 Bf5 4. g3 e6 5. a3 c5 6. c3 a5 7. bxc5 Bxc5 8. d4
Bd6 9. Nbd2 Qb6 10. Qb3 Qxb3 11. Nxb3 Nbd7 12. Bg2 Ke7 13. Nh4 Bc2 14. Nd2 b5
15. Rc1 Bf5 16. Nxf5+ exf5 17. f3 Rhe8 18. e4 fxe4 19. fxe4 Nxe4 20. Nxe4 dxe4
21. O-O Nf6 22. Rf5 Rab8 23. Re1 Kf8 24. Re2 Re6 25. a4 bxa4 26. Rxa5 a3 27.
Bxa3 Rb1+ 28. Bf1 Bxa3 29. Rxa3 Ng4 30. h3 Nh6 31. Ra8+ Ke7 32. g4 Rf6 33. Ra7+
Kd8 34. Ra8+ Kc7 35. Rf2 Rc6 36. Re8 Re1 37. c4 Kd7 38. Re5 Rxc4 39. Rxe4 Rxe4
40. Bxc4 f6 41. Rd2 Re3 42. Kg2 Rc3 43. Be2 Nf7 44. h4 Nd6 45. Bf3 Nb5 46. h5
h6 47. Be2 Nc7 48. Bf3 Ne6 49. Be4 Kd6 50. Kf2 Ng5 51. Bb7 Nh3+ 52. Kg2 Nf4+
53. Kf2 Rh3 54. Rd1 f5 55. Bc8 fxg4 56. Bxg4 Rb3 57. Bf3 Nh3+ 58. Ke2 Ng5 59.
Ba8 Rh3 60. Rh1 Ra3 61. Bb7 Ne6 62. Rh4 Rb3 63. Ba8 Rb5 64. Kd3 Rxh5 65. Re4
Ra5 66. Bb7 Ra3+ 67. Kc4 Ra7 68. d5 Ra4+ 69. Kd3 Nc5+ 0-1

[Event "X Festival A"]
[Site "Salsomaggiore Terme ITA"]
[Date "2006.05.14"]
[Round "5"]
[White "Giovannini, Roberto"]
[Black "Rombaldoni, Axel"]
[Result "0-1"]
[WhiteElo "1961"]
[BlackElo "2160"]
[PlyCount "73"]
[EventDate "2006.05.12"]

1. d4 d5 2. Bf4 Nf6 3. e3 e6 4. Bd3 Bd6 5. Bg3 b6 6. Nd2 Bb7 7. Ngf3 O-O 8. Ne5
c5 9. c3 Nc6 10. Ndf3 h6 11. Nxc6 Bxc6 12. Ne5 Bb7 13. Bh4 Be7 14. f4 Nd7 15.
Bxe7 Qxe7 16. Qh5 f5 17. g4 Nxe5 18. fxe5 Qe8 19. Qh3 Bc8 20. Qg3 g6 21. O-O-O
a5 22. gxf5 exf5 23. Rhg1 Kh7 24. h4 c4 25. Bb1 b5 26. Rdf1 Ra7 27. Qf3 Qf7 28.
Qg2 Qg8 29. Qf2 Rff7 30. Rg3 h5 31. Rfg1 Rg7 32. Rg5 Qf7 33. R1g3 b4 34. Rf3
Qe7 35. Qc2 Rb7 36. Rfg3 Be6 37. Rg2 0-1

[Event "X Festival A"]
[Site "Salsomaggiore Terme ITA"]
[Date "2006.05.14"]
[Round "5"]
[White "Guastadini, Paolo"]
[Black "Santurbano, Maria Vincenza"]
[Result "0-1"]
[WhiteElo "2056"]
[BlackElo "1965"]
[PlyCount "54"]
[EventDate "2006.05.12"]

1. Nf3 Nf6 2. c4 d6 3. d4 Nbd7 4. Nc3 e5 5. d5 Be7 6. Qc2 c6 7. e4 O-O 8. b4
cxd5 9. cxd5 Qc7 10. Bd3 a5 11. b5 Nc5 12. a4 Bg4 13. Nd2 Rac8 14. Bb2 Nxd3+
15. Qxd3 Nd7 16. O-O f5 17. f3 fxe4 18. Ndxe4 Nc5 19. Qc4 Qb6 20. Nxc5 Rxc5 21.
Qe2 Rxc3+ 22. Kh1 Re3 23. Qf2 Bd8 24. Bc1 Rd3 25. Qg3 Qd4 26. Ba3 Bd7 27. Bxd6
Re8 0-1

[Event "X Festival A"]
[Site "Salsomaggiore Terme ITA"]
[Date "2006.05.14"]
[Round "5"]
[White "Jones, Alessandro"]
[Black "Gerundino, Nicola"]
[Result "0-1"]
[WhiteElo "1824"]
[BlackElo "1968"]
[PlyCount "101"]
[EventDate "2006.05.12"]

1. d4 Nf6 2. Nf3 e6 3. e3 c5 4. c3 d5 5. Bd3 Nc6 6. Nbd2 Bd6 7. Qe2 Qc7 8. dxc5
Bxc5 9. e4 dxe4 10. Nxe4 Be7 11. O-O Bd7 12. Rd1 Nxe4 13. Bxe4 Nb8 14. Bg5 Bxg5
15. Nxg5 h6 16. Qh5 O-O 17. Bh7+ Kh8 18. Bc2 Bc6 19. Nh7 Rc8 20. Nf6 Qe7 21.
Ng4 Qg5 22. Qxg5 hxg5 23. Ne5 Be8 24. Rd3 Kg8 25. Rad1 Nc6 26. Nf3 f6 27. Bb3
Bf7 28. Rd7 Rab8 29. Kh1 Kf8 30. Nd4 Ne5 31. Rd6 Ke7 32. Nxe6 g6 33. f4 Nc4 34.
Bxc4 Rxc4 35. Nd8 Rxf4 36. Kg1 Bxa2 37. Rd7+ Ke8 38. Nxb7 Be6 39. Rh7 Bg8 40.
Rg7 Kf8 41. Rdd7 Be6 42. Rc7 Bd5 43. Rh7 Rh4 44. Rhg7 Ra4 45. Rgd7 Be6 46. Nc5
Ra1+ 47. Kf2 Rxb2+ 48. Kf3 Bxd7 49. Nxd7+ Ke7 50. Nc5+ Kd6 51. Rc8 0-1

[Event "X Festival A"]
[Site "Salsomaggiore Terme ITA"]
[Date "2006.05.14"]
[Round "5"]
[White "Luciani, Valerio"]
[Black "Vincenzi, Marco"]
[Result "1-0"]
[WhiteElo "2242"]
[BlackElo "2034"]
[PlyCount "93"]
[EventDate "2006.05.12"]

1. d4 Nf6 2. c4 c5 3. d5 e6 4. Nc3 exd5 5. cxd5 d6 6. e4 g6 7. Bd3 Bg7 8. Nge2
O-O 9. O-O Na6 10. f3 Nc7 11. Rb1 b6 12. b4 cxb4 13. Rxb4 Nd7 14. Be3 Nc5 15.
Bc4 Bb7 16. Rb1 Qc8 17. a4 Ne8 18. Bb5 Qc7 19. Qd2 Rc8 20. Rfc1 Qb8 21. Nd4
Bxd4 22. Bxd4 Ng7 23. Bf6 Kh8 24. Qh6 Rg8 25. e5 dxe5 26. Rb4 e4 27. fxe4 a5
28. Rbb1 Ba6 29. Bxa6 Nxa6 30. e5 Nc5 31. Nb5 Ne4 32. Qh4 Nxf6 33. Qxf6 Rgf8
34. Rc6 Kg8 35. Rxb6 Qa8 36. Rd1 Rc2 37. Rc6 Ra2 38. Rc7 Nf5 39. e6 Qe8 40. e7
Nxe7 41. Qxe7 Qb8 42. Qe4 Re8 43. Qf4 Qb6+ 44. Kh1 Rf2 45. Qd4 Qxd4 46. Nxd4
Rd2 47. Rcc1 1-0

[Event "X Festival A"]
[Site "Salsomaggiore Terme ITA"]
[Date "2006.05.14"]
[Round "5"]
[White "Marini, Lucio"]
[Black "Gualtieri, Primo"]
[Result "1-0"]
[WhiteElo "1914"]
[BlackElo "1598"]
[PlyCount "92"]
[EventDate "2006.05.12"]

1. d4 e6 2. c4 f5 3. g3 Nf6 4. Bg2 d5 5. Nf3 c6 6. O-O Bd6 7. b3 O-O 8. Ba3
Bxa3 9. Nxa3 Ne4 10. Nc2 Nd7 11. Nce1 Ndf6 12. Nd3 Bd7 13. Nde5 Be8 14. Ne1 Ng4
15. N1f3 Bh5 16. Qd3 Nxe5 17. Nxe5 Nf6 18. c5 Nd7 19. f4 Nxe5 20. fxe5 Qg5 21.
e3 Bg6 22. Rf4 Bh5 23. b4 Bg4 24. a4 Qh5 25. Rf2 a6 26. Qf1 Qe8 27. Rb2 Qd8 28.
Qe1 Rf7 29. b5 axb5 30. axb5 Rxa1 31. Qxa1 g5 32. bxc6 bxc6 33. Ra2 Rf8 34. Ra6
Qe8 35. Bf1 f4 36. h3 Bf3 37. exf4 gxf4 38. Qe1 Qg6 39. g4 Bxg4 40. hxg4 Qxg4+
41. Kh2 Rf5 42. Ra3 f3 43. Qg3 Rh5+ 44. Bh3 Rxh3+ 45. Qxh3 Qxd4 46. Qg3+ Kf8
1-0

[Event "X Festival A"]
[Site "Salsomaggiore Terme ITA"]
[Date "2006.05.14"]
[Round "5"]
[White "Mazzoni, Carlo"]
[Black "Traversi, Carlo"]
[Result "1-0"]
[WhiteElo "1766"]
[BlackElo "1767"]
[PlyCount "143"]
[EventDate "2006.05.12"]

1. d4 Nf6 2. c4 g6 3. Nc3 d5 4. Bf4 c6 5. Rc1 Bg7 6. e3 O-O 7. h3 Nbd7 8. Nf3
dxc4 9. Bxc4 Nb6 10. Bb3 Nbd5 11. Bh2 Be6 12. Nxd5 Bxd5 13. O-O Qb6 14. Nd2
Bxb3 15. Nxb3 Nd7 16. Qe2 Rac8 17. Nc5 Nxc5 18. Rxc5 e6 19. Rfc1 Rfe8 20. R1c3
Qd8 21. b4 Qd7 22. Qf3 a6 23. a4 Bf8 24. R5c4 Bd6 25. Bxd6 Qxd6 26. b5 axb5 27.
axb5 Ra8 28. bxc6 bxc6 29. Qxc6 Ra1+ 30. Rc1 Rxc1+ 31. Rxc1 Qxc6 32. Rxc6 Ra8
33. g4 h6 34. Kg2 g5 35. Kf3 Kg7 36. Rc2 Ra5 37. Kg3 Ra3 38. Rd2 Rb3 39. h4 Ra3
40. hxg5 hxg5 41. Kf3 Kf6 42. Ke4 Ra4 43. f4 gxf4 44. exf4 Ke7 45. g5 Rb4 46.
Ra2 Rb7 47. Ra5 Rc7 48. Ke5 Rb7 49. d5 exd5 50. Rxd5 Rb1 51. Ra5 Rg1 52. Ra6
Re1+ 53. Kf5 Rg1 54. Ra3 Rb1 55. Rf3 Rb5+ 56. Kg4 f6 57. gxf6+ Kxf6 58. Rh3 Rb1
59. Rh6+ Kg7 60. Re6 Kf7 61. Kf5 Rg1 62. Rb6 Rf1 63. Rb7+ Ke8 64. Ke6 Kf8 65.
f5 Ra1 66. Kf6 Ra6+ 67. Kg5 Rc6 68. f6 Rc1 69. Rb4 Kf7 70. Rb7+ Kf8 71. Kg6
Rg1+ 72. Kh7 1-0

[Event "X Festival A"]
[Site "Salsomaggiore Terme ITA"]
[Date "2006.05.14"]
[Round "5"]
[White "Mrdja, Milan"]
[Black "Barletta, Mauro"]
[Result "1-0"]
[WhiteElo "2409"]
[BlackElo "2258"]
[PlyCount "109"]
[EventDate "2006.05.12"]

1. e4 e5 2. Bc4 Nf6 3. d3 Be7 4. Nf3 Nc6 5. O-O d6 6. c3 O-O 7. Bb3 Na5 8. Bc2
c5 9. d4 Nc6 10. d5 Nb8 11. Nbd2 g6 12. a4 Nh5 13. Nc4 b6 14. Re1 Re8 15. h3
Bf8 16. Nh2 Ba6 17. Bd3 Bg7 18. Bf1 Rf8 19. Ng4 Bc8 20. Nge3 Qe7 21. g3 Nf6 22.
Ng4 Ne8 23. Bg2 Nd7 24. f4 f6 25. f5 g5 26. Nf2 Nc7 27. Bf1 Rd8 28. Be3 Nf8 29.
Be2 Bd7 30. Kg2 Be8 31. Rh1 Rab8 32. h4 h6 33. Qd2 a6 34. Ng4 Bxa4 35. Rxa4 b5
36. Ra2 bxc4 37. Bxc4 Nd7 38. hxg5 hxg5 39. Be2 Rb7 40. Bf2 Rdb8 41. Ne3 Nb6
42. Rha1 Ra7 43. Ra5 Rba8 44. b4 cxb4 45. cxb4 Nb5 46. Nc4 Nxc4 47. Bxc4 Nd4
48. Bxd4 exd4 49. Qxd4 Re8 50. Bd3 Bf8 51. b5 Qg7 52. Rxa6 Rxa6 53. bxa6 g4 54.
Bb5 Qh6 55. Rh1 1-0

[Event "X Festival A"]
[Site "Salsomaggiore Terme ITA"]
[Date "2006.05.14"]
[Round "5"]
[White "Muha, Zdravko"]
[Black "Scalcione, Michelangelo"]
[Result "0-1"]
[WhiteElo "2083"]
[BlackElo "2255"]
[PlyCount "92"]
[EventDate "2006.05.12"]

1. d4 d6 2. Nf3 Bg4 3. c3 Nd7 4. Bg5 Ngf6 5. Nbd2 h6 6. Bf4 g5 7. Bg3 Nh5 8. e4
Bg7 9. Bc4 e6 10. Qb3 Nb6 11. Bb5+ c6 12. Bd3 Nxg3 13. hxg3 e5 14. dxe5 dxe5
15. Be2 Be6 16. Qc2 Qe7 17. Nb3 O-O-O 18. Nfd2 g4 19. O-O-O h5 20. Kb1 Bf6 21.
Nf1 Rxd1+ 22. Qxd1 Bg5 23. Bd3 c5 24. Nc1 c4 25. Bc2 Qf6 26. Qe2 Qh6 27. Ne3
Bxe3 28. Qxe3 Qxe3 29. fxe3 Kd8 30. Ne2 Ke7 31. Kc1 Nd7 32. b3 Nf6 33. Rf1 Rd8
34. Rd1 Rxd1+ 35. Kxd1 b5 36. bxc4 bxc4 37. Nd4 exd4 38. exd4 Bc8 39. Ke2 Ne8
40. Ke3 f5 41. e5 Nc7 42. Kf4 Nd5+ 43. Kg5 Nxc3 44. a3 Nd5 45. Ba4 Ne3 46. Bc6
c3 0-1

[Event "X Festival A"]
[Site "Salsomaggiore Terme ITA"]
[Date "2006.05.14"]
[Round "5"]
[White "Musumeci, Valentino"]
[Black "Del Giudice, Stefano"]
[Result "1-0"]
[WhiteElo "1694"]
[BlackElo "2058"]
[PlyCount "104"]
[EventDate "2006.05.12"]

1. e4 c5 2. Nf3 Nc6 3. Nc3 g6 4. d4 cxd4 5. Nxd4 Bg7 6. Be3 Nf6 7. Be2 O-O 8.
O-O d6 9. f3 d5 10. exd5 Nxd5 11. Nxd5 Qxd5 12. c3 Nxd4 13. Bxd4 e5 14. Be3 Qc6
15. Qb3 Be6 16. Qb5 Qxb5 17. Bxb5 a6 18. Be2 Rfd8 19. Rfd1 Rxd1+ 20. Bxd1 Rd8
21. Bc2 f5 22. g3 Bf6 23. h4 f4 24. gxf4 exf4 25. Bxf4 Bxh4 26. Be4 Bd5 27. Kg2
Bxe4 28. fxe4 Rd3 29. Rf1 Be7 30. Bh6 Rd6 31. Bf4 Rc6 32. Rd1 Kf7 33. Rd7 Rb6
34. b3 Ke6 35. Rd5 Bd6 36. Be3 Rc6 37. c4 b6 38. Kf3 Be7 39. Bd4 Bf6 40. e5 Be7
41. Ke4 h5 42. a4 h4 43. Kf4 Bc5 44. Bxc5 bxc5 45. a5 g5+ 46. Kg4 h3 47. Kxh3
Kf5 48. Kg3 Rc8 49. Rd6 Kxe5 50. Rxa6 Kf5 51. Rb6 Ra8 52. Rb5 Ke4 1-0

[Event "X Festival A"]
[Site "Salsomaggiore Terme ITA"]
[Date "2006.05.14"]
[Round "5"]
[White "Pipitone, Antonio"]
[Black "Brigati, Alessandro"]
[Result "1/2-1/2"]
[WhiteElo "1994"]
[BlackElo "2080"]
[PlyCount "113"]
[EventDate "2006.05.12"]

1. e4 d6 2. d4 Nf6 3. Nc3 g6 4. Be2 Bg7 5. Nf3 O-O 6. h3 c6 7. Be3 Nbd7 8. Qd2
Qc7 9. Rd1 b6 10. Bh6 Bb7 11. Bxg7 Kxg7 12. O-O Rad8 13. Rfe1 h6 14. Qe3 e5 15.
dxe5 dxe5 16. Rd2 Nc5 17. Red1 Ne6 18. Bc4 Rxd2 19. Rxd2 Re8 20. Bxe6 Rxe6 21.
g4 Nd7 22. Qd3 Re7 23. Qd6 Qxd6 24. Rxd6 f6 25. Nd2 Nc5 26. b4 Ne6 27. Ne2 Kf7
28. f3 Rc7 29. Kf2 Ke7 30. Rd3 c5 31. b5 Rd7 32. Rxd7+ Kxd7 33. c3 Nc7 34. a4
Ke7 35. Ke3 Bc8 36. f4 f5 37. gxf5 gxf5 38. fxe5 fxe4 39. Nf4 Ne6 40. h4 Ng7
41. h5 Bg4 42. Kxe4 Nxh5 43. Nxh5 Bxh5 44. Kd5 Bd1 45. Kc6 Bxa4 46. c4 h5 47.
Kb7 h4 48. Kxa7 h3 49. Nf1 Bb3 50. Kxb6 Bxc4 51. Nh2 Ke6 52. Kxc5 Be2 53. b6
Ba6 54. Kd4 Bb7 55. Ke3 Kxe5 56. Kf2 Kf4 57. Nf1 1/2-1/2

[Event "X Festival A"]
[Site "Salsomaggiore Terme ITA"]
[Date "2006.05.14"]
[Round "5"]
[White "Salati, Paolo"]
[Black "Sgargi, Giuseppe"]
[Result "0-1"]
[WhiteElo "1938"]
[BlackElo "1873"]
[PlyCount "82"]
[EventDate "2006.05.12"]

1. e4 c5 2. Nf3 d6 3. d4 cxd4 4. Nxd4 Nf6 5. Nc3 a6 6. Bg5 e6 7. Bd3 Be7 8. Nf3
b5 9. a3 Bb7 10. O-O Nbd7 11. Re1 O-O 12. Qd2 Qc7 13. Rad1 Rac8 14. h3 Rfd8 15.
Qe3 Qc6 16. Nd4 Qc5 17. f4 h6 18. Bh4 Ng4 19. hxg4 Bxh4 20. Re2 Bf6 21. Nf3
Qxe3+ 22. Rxe3 Bxc3 23. bxc3 Rxc3 24. e5 Kf8 25. exd6 Nc5 26. Kf2 Rxd6 27. Ne5
Nxd3+ 28. Rexd3 Rxc2+ 29. Ke1 Rxd3 30. Rxd3 Bd5 31. g3 a5 32. Nd7+ Ke7 33. Nb6
Kd6 34. f5 Rc6 35. Nxd5 exd5 36. Rb3 Rb6 37. Kd2 d4 38. Kd3 Kd5 39. Rb2 b4 40.
axb4 Rxb4 41. Ra2 a4 0-1

[Event "X Festival A"]
[Site "Salsomaggiore Terme ITA"]
[Date "2006.05.14"]
[Round "5"]
[White "Tizzoni, Lionello"]
[Black "Giretti Kanev, Jasen"]
[Result "0-1"]
[WhiteElo "2050"]
[BlackElo "2220"]
[PlyCount "83"]
[EventDate "2006.05.12"]

1. d4 Nf6 2. e3 b6 3. f4 Bb7 4. Nf3 e6 5. Bd3 c5 6. c3 Be7 7. Nbd2 Nd5 8. Ne4
f5 9. Neg5 h6 10. Nh3 cxd4 11. Nxd4 O-O 12. O-O Na6 13. Nf2 Nc5 14. Bb1 Qe8 15.
Qe2 Qg6 16. e4 Nf6 17. Nf3 Nfxe4 18. Nxe4 Nxe4 19. Ne5 Bc5+ 20. Be3 Bxe3+ 21.
Qxe3 Qe8 22. Bc2 d6 23. Nf3 Rd8 24. Rad1 Bd5 25. b3 Nf6 26. Nd2 Ng4 27. Qg3 Qc6
28. Rde1 b5 29. Kh1 Rf6 30. c4 Rg6 31. cxd5 Qxc2 32. Nf3 Ne5 33. Qf2 Qxf2 34.
Rxf2 Nd3 35. Kg1 Nxe1 36. Nxe1 exd5 37. Rd2 Re6 38. Kf2 Rde8 39. Nf3 Re4 40. g3
b4 41. Nd4 g6 42. h4 0-1

[Event "X Festival A"]
[Site "Salsomaggiore Terme ITA"]
[Date "2006.05.14"]
[Round "5"]
[White "Vezzosi, Paolo"]
[Black "Ranola, Yves"]
[Result "0-1"]
[WhiteElo "2362"]
[BlackElo "2432"]
[PlyCount "97"]
[EventDate "2006.05.12"]

1. c4 e5 2. Nc3 Nf6 3. g3 d5 4. cxd5 Nxd5 5. Bg2 Nb6 6. Nf3 Nc6 7. O-O Be7 8.
Rb1 O-O 9. d3 Re8 10. a3 Bf8 11. b4 a5 12. b5 Nd4 13. e3 Nxf3+ 14. Bxf3 Bh3 15.
Bxb7 Bxf1 16. Kxf1 Rb8 17. Be4 Qd7 18. Bb2 Red8 19. Qf3 g6 20. g4 Qe6 21. Kg2
Rd6 22. Kh1 Bg7 23. Rg1 Rbd8 24. g5 Qb3 25. Rb1 h6 26. h4 hxg5 27. hxg5 Na4 28.
Qd1 Qxd1+ 29. Nxd1 Rxd3 30. Bxd3 Rxd3 31. Rc1 Rb3 32. Bc3 Rxb5 33. Kg2 Bf8 34.
Be1 Bd6 35. Kf3 e4+ 36. Kg4 Nc5 37. Nc3 Rb2 38. Rd1 Kf8 39. f4 exf3 40. Kxf3
Rb3 41. a4 Ne6 42. Ne4 Bf4 43. Bf2 Bxg5 44. Rd5 Be7 45. Rxa5 f5 46. Nd2 Ng5+
47. Ke2 Rb2 48. Rd5 Ne4 49. Be1 0-1

[Event "X Festival A"]
[Site "Salsomaggiore Terme ITA"]
[Date "2006.05.14"]
[Round "5"]
[White "Weiland, Guenter"]
[Black "Bozuffi, Italo"]
[Result "1/2-1/2"]
[WhiteElo "1982"]
[BlackElo "1866"]
[PlyCount "41"]
[EventDate "2006.05.12"]

1. Nf3 g6 2. c4 d6 3. Nc3 Bg7 4. g3 b6 5. Bg2 Bb7 6. O-O e6 7. Re1 Ne7 8. e4
Nd7 9. d4 O-O 10. Be3 c5 11. Rc1 a6 12. Qe2 Qc7 13. a3 d5 14. cxd5 exd5 15.
dxc5 bxc5 16. Nxd5 Nxd5 17. exd5 Bxd5 18. b4 c4 19. Red1 Nf6 20. Bd4 Rfe8 21.
Qb2 1/2-1/2